000 00432nam a2200181Ia 4500
001 13889
005 20260306164834.0
008 260306t1993||||xx |||||||||||||| ||spa||
041 _aESP
082 _a005.43
_bT19 1993
100 _aTanenbaum, Andrew S.
_eAUT
245 0 _aSistemas operativos modernos
260 _c1993
300 _a825 páginas :
_c23 cm.
650 _aGEN
654 _aCCC
942 _cLIB
_dJUS
_fJUS
_2ddc
_n
999 _c13889
_d13889